Normal view
MARC view
- Harrison, Norma
Entry Personal Name
001 - CONTROL NUMBER
- control field: 112203
003 - CONTROL NUMBER IDENTIFIER
- control field: NUST
005 - DATE AND TIME OF LATEST TRANSACTION
- control field: 20230509084129.0
008 - FIXED-LENGTH DATA ELEMENTS
- fixed length control field: 230509|| aca||aabn | a|a d
040 ## - CATALOGING SOURCE
- Original cataloging agency: NUST
- Transcribing agency: NUST
100 ## - HEADING--PERSONAL NAME
- Personal name: Harrison, Norma
670 ## - SOURCE DATA FOUND
- Source citation: Work cat.: (NUST): Harrison, Norma , Technology Management : , 2002.
